Längste Flüsse in Thüringen - Statistiken

Allgemein
  • Dieses Quiz wurde 345 mal gespielt
  • Das Durchschnittsergebnis liegt bei 5 aus 11
Antwortstatistiken
Fluss Fließlänge in Thüringen % Korrekt
Saale 196 km
92%
Werra 187 km
85%
Gera 85 km
79%
Unstrut 135 km
75%
Ilm 129 km
63%
Weiße Elster 64 km
58%
Wipper 93 km
23%
Schwarza 54 km
17%
Nesse 53 km
12%
Weida 57 km
7%
Helbe 57 km
4%
Keine übereinstimmenden Quizze gefunden
Verteilung der Resultate
Anzahl Personen mit jedem Resultat
Perzentil nach korrekt beantworteten Fragen
Ihre Resultats-Entwicklung
Sie haben dieses Quiz noch nicht gespielt